000 00491nam a2200181Ia 4500
003 GCL
008 140319s9999 xx 000 0 eng d
040 _aGCL /
_cGCL
082 0 4 _a793.319
_bB S
100 1 _aBUONAVENTURA, WENDY
245 1 0 _aSERPENT OF THE NILE: WOMAN AND DANCE IN THE ARAB WORLD /
_cBUONAVENTURA, WENDY
260 _a[S.N] :
_bSAQI BOOKS ،
_c1994
300 _a207
650 0 4 _aDANCING
650 0 4 _aNATIONAL DANCING
650 0 4 _aORIENTAL DANCE
942 _2ddc
_cBK
999 _c25335
_d25335